1729 1771 1107 1848 1428 1336 1344 1786 1347 1575 1725 1010 1721 1245 1603 1234 1231 1673 1227 1960 1493 1405 1783 1065 1927 1690 1182 1876 1050 1028 1696 1986 1267 1266 1179 1149 1521 1510 1746 1433 1216 1323 1824 1302 1320 1527 1594 1944 1171 1355 1434 1023 1059 1258 1108 1477 1814 1723 2000 1512 1355 1335 1552 1810 1488 1074 1671 1878 1630 1536 1827 1063 1813 1279 1812 1132 1831 1115 1747 1106 1091 1157 1278 1492 1170 1647 1040 1639 1498 1667 1708 1475 1267 1922 1516 1248 1208 1369 1440 BCNSPRNW ULIB Ver.6.0+V

เปลี่ยนเป็นภาษาไทย

Change to English
 แสดงรายละเอียดบรรณานุกรม
  กลับหน้าหลัก

Brief Record : Get Marc (ISO 2709) : E-mail record : QR code < ปิดหน้าต่าง
LEADER : 00000nam 2200000uu 4500
001    13399127541
003     ULIB
008    210118s2562||||th 000 0 tha d
020    ^a9786164432598
060    ^aWB115^bว426ก
100    ^aวันชัย เคชสมฤทธิ์ฤทัย ปวีณา เชียวชาญวิศวกิจ เอกพันธ์ ครุพงศ์ วราลักษณ์ ศรีนนท์ประเสริฐ รัตนา ชวนะสุนทรพจน์ และอนุภพ จิตต์เมือง
245    ^aการรักษาต่อเนื่องทางอายุรศาสตร์ Longitudinal Care in Internal Medicine
250    ^aพิมพ์ครั้งที่ 2
260    ^aกรุงเทพฯ :^bภาควิชาอายุรศาสตร์ คณะแพทยศาสตร์ศิริราชพยาบาล,^c2562
300    ^a752 หน้า^bภาพประกอบ, ตาราง, ภาคผนวก
650    ^aอายุรศาสตร์
945    ^p0^l0^i28461
945    ^p0^l0^i28462
945    ^p0^l0^i28463
945    ^p0^l0^i28464
945    ^p0^l0^i28465
999    ^aกัณชพร จุลอักษร
รายการนี้ยังไม่มีแท็ก
คุณยังไม่ได้ล็อกอิน คุณสามารถมีกิจกรรมร่วมกับเว็บไซต์ได้ แต่ต้องล็อกอินก่อน ::
  ล็อกอิน

รายการสื่อสารสนเทศ

ลำดับที่ ประเภท เลขเรียก/บาร์โค้ด สถานที่ สถานะ
1. หนังสือสำรอง
หนังสือสำรอง
WB115 ว426ก ฉ.1 
  Barcode: 28461
ห้องสมุดวิทยาเขตนครสวรรค์
►หนังสือทั่วไป:l:General Books
บนชั้น
2. วิทยาศาสตร์การแพทย์ และสุขภาพ
วิทยาศาสตร์การแพทย์ และสุขภาพ
WB115 ว426ก ฉ.2 
  Barcode: 28462
ห้องสมุดวิทยาเขตนครสวรรค์
►หนังสือทั่วไป:l:General Books
บนชั้น
3. วิทยาศาสตร์การแพทย์ และสุขภาพ
วิทยาศาสตร์การแพทย์ และสุขภาพ
WB115 ว426ก ฉ.3 
  Barcode: 28463
ห้องสมุดวิทยาเขตนครสวรรค์
►หนังสือทั่วไป:l:General Books
บนชั้น
4. วิทยาศาสตร์การแพทย์ และสุขภาพ
วิทยาศาสตร์การแพทย์ และสุขภาพ
WB115 ว426ก ฉ.4 
  Barcode: 28464
ห้องสมุดวิทยาเขตนครสวรรค์
►หนังสือทั่วไป:l:General Books
บนชั้น
5. วิทยาศาสตร์การแพทย์ และสุขภาพ
วิทยาศาสตร์การแพทย์ และสุขภาพ
WB115 ว426ก ฉ.5 
  Barcode: 28465
ห้องสมุดวิทยาเขตนครสวรรค์
►หนังสือทั่วไป:l:General Books
บนชั้น

รายการใกล้เคียง
    ชื่อเรื่อง [การรักษาต่อเนื่องทางอายุรศาสตร์ Longitudinal Care in Internal Medicine]

    ผู้แต่ง [วันชัย เคชสมฤทธิ์ฤทัย ปวีณา เชียวชาญวิศวกิจ เอกพันธ์ ครุพงศ์ วราลักษณ์ ศรีนนท์ประเสริฐ รัตนา ชวนะสุนทรพจน์ และอนุภพ จิตต์เมือง]

    หัวเรื่อง [อายุรศาสตร์]

BibComment


ยังไม่เคยถูกคอมเมนท์

คอมเมนท์ทรัพยากรรายการนี้
  คอมเมนท์: การรักษาต่อเนื่อ..


 Copyright 2026. Bcnsprnw @Library